Statistics for History of Italy

Click here to take the quiz!

General Stats

  • This quiz has been taken 27,714 times
  • The average score is 13 of 20

Answer Stats

DescriptionAnswer% Correct
Fascist leader of Italy, 1925–1943Benito Mussolini
95%
Artist who painted the ceiling of the Sistine ChapelMichelangelo
90%
Lagoon-based city that dominated Mediterranean commerce in the Middle AgesVenice
89%
City known as the "birthplace" of the aboveFlorence
87%
Cultural "rebirth" that started in Italy around 1300Renaissance
87%
Scientist who discovered the moons of JupiterGalileo Galilei
82%
Frenchman who conquered Italy in the early 1800s and made many reformsNapoleon
78%
African country invaded by Italy in 1935Ethiopia
75%
Poet who wrote "The Divine Comedy"Dante Alighieri
74%
Family that ruled that city. Notable members included Cosimo and Lorenzo.Medici
70%
Rome's largest church, completed in 1626St. Peter's
70%
Rival of that city; birthplace of ColumbusGenoa
66%
Title for the ruler of the aboveDoge
56%
German empire that technically ruled Italy from 951–1806Holy Roman
56%
Capital of Piedmont that was the first capital of Italy (1861–1865)Turin
54%
Germanic tribe that ruled Italy from 568–774 and who gave their name to Milan's regionThe Lombards
42%
Family name of the notoriously corrupt Pope Alexander VI (1492–1503)Borgia
40%
General whose "redshirts" fought for that unificationGiuseppe Garibaldi
38%
First king of a united Italy (1861)Victor Emmanuel II
35%
Faction that were rivals of the GhibellinesThe Guelphs
19%

Score Distribution

Percentile by Number Answered

Percent of People with Each Score

Your Score History

You have not taken this quiz